000 00302nam a22001337a 4500
008 260219b ||||| |||| 00| 0 eng d
020 _a9951050301
041 _aShqip
080 _a2.1
100 _a20.1
101 _aRoman
245 _aAlphonse De Beachamp
_cAli Pashë Tepelena
942 _2lcc
_cBK
999 _c60825
_d60825